Electronic principles

Bibliographic Details
Main Author: Malvino, Albert Paul
Format: Book
Published: New York : McGraw-Hill , 1993
Edition:5th ed
Subjects:

MARC

LEADER 00000cam a2200000 7i4500
001 0000004383
002 000004711
005 20000330.0
020 |a 0028008456 
090 0 0 |a 621.381   |b MAL 
100 1 |a Malvino, Albert Paul   |f Ph.D 
245 1 0 |a Electronic principles   |c Albert Paul Malvino Ph.D 
250 |a 5th ed 
260 |a New York :   |b McGraw-Hill ,   |c 1993 
300 |a 959p. ;   |c 24cm. 
650 0 0 |a Electronics 
999 |a 032899   |b BUKU   |c PINJAMAN   |e PERPUSTAKAAN KOMUNITI PETALING JAYA